书目信息 |
| 题名: |
俄译汉教程
|
|
| 作者: | 蔡毅 编 | |
| 分册: | 下册 | |
| 出版信息: | 北京 外语教学与研究出版社 1981 |
|
| 页数: | 234页 | |
| 开本: | 21cm | |
| 丛书名: | ||
| 单 册: | ||
| 中图分类: | H355.9 | |
| 科图分类: | ||
| 主题词: | 俄语-翻译--高等学校--教材 , 翻译-俄语--高等学校--教材 | |
| 电子资源: | ||
| ISBN: | ||
| 000 | 00678nam0 2200241 45 | |
| 001 | 0181005481 | |
| 005 | 20060817083210.42 | |
| 010 | @dCNY0.92 | |
| 100 | @a19950425d1981 em y0chiy0121 ea | |
| 101 | 0 | @achi@arus |
| 102 | @aCN@b110000 | |
| 105 | @ay z 000yy | |
| 200 | 10 | @a俄译汉教程@h下册@Ae yi han jiao cheng@f蔡毅编@FCai Yi Bian |
| 210 | @a北京@c外语教学与研究出版社@d1981 | |
| 215 | @a234页@c附图:表格@d21cm | |
| 300 | @a高等学校教材 | |
| 606 | @a俄语-翻译@x高等学校@x教材 | |
| 606 | @a翻译-俄语@x高等学校@x教材 | |
| 690 | @aH355.9@v3 | |
| 701 | 0 | @a蔡毅@Acai yi@4编 |
| 801 | 2 | @aCN@bNLC@c20060817 |
| 801 | 0 | @aCN@b上海图书馆@c20060814 |
| 905 | @dH355.9@e100:2 | |
| 俄译汉教程.下册/蔡毅编.-北京:外语教学与研究出版社,1981 |
| 234页:附图:表格;21cm |
| 高等学校教材 |
| ISBN :CNY0.92 |
| ● |
| 相关链接 |
|
|
|
|
正题名:俄译汉教程
索取号:H355.9/100:2
 
预约/预借
| 序号 | 登录号 | 条形码 | 馆藏地/架位号 | 状态 | 备注 |
| 1 | 0206329 | 001062708 | 密集书库/ [索取号:H355.9/100:2] | 在馆 | |
| 2 | 0206330 | 001062691 | 密集书库/ [索取号:H355.9/100:2] | 在馆 | |
| 3 | 0206331 | 001062673 | 第四借阅区/ [索取号:H355.9/100:2] | 在馆 | |
| 4 | 0206332 | 001062682 | 密集书库/ [索取号:H355.9/100:2] | 在馆 | |
| 5 | 0206333 | 001062664 | 第二样本阅览室/ [索取号:H355.9/100:2] | 在馆 | |
| 6 | 0453181 | 204531818 | 密集书库/ [索取号:H355.9/100:2] | 在馆 | |
| 7 | 0453208 | 204532087 | 密集书库/ [索取号:H355.9/100:2] | 在馆 | |
| 8 | 0453209 | 204532096 | 密集书库/ [索取号:H355.9/100:2] | 在馆 | |
| 9 | 0453210 | 204532103 | 密集书库/ [索取号:H355.9/100:2] | 在馆 | |
| 10 | 0453211 | 204532112 | 密集书库/ [索取号:H355.9/100:2] | 在馆 | |
| 11 | 0459116 | 204591165 | 密集书库/ [索取号:H355.9/100:2] | 在馆 | |
| 12 | 0459117 | 204591174 | 密集书库/ [索取号:H355.9/100:2] | 在馆 | |
| 13 | 0459747 | 204597472 | 密集书库/ [索取号:H355.9/100:2] | 在馆 | |
| 14 | 0466005 | 204660054 | 密集书库/ [索取号:H355.9/100:2] | 在馆 | |
| 15 | 0466006 | 204660063 | 密集书库/ [索取号:H355.9/100:2] | 在馆 | |
| 16 | 0466007 | 204660072 | 密集书库/ [索取号:H355.9/100:2] | 在馆 | |
| 17 | 0466008 | 204660081 | 密集书库/ [索取号:H355.9/100:2] | 在馆 | |
| 18 | 0466009 | 204660090 | 密集书库/ [索取号:H355.9/100:2] | 在馆 | |
| 19 | 0466010 | 204660107 | 密集书库/ [索取号:H355.9/100:2] | 在馆 | |
| 20 | 0466011 | 204660116 | 密集书库/ [索取号:H355.9/100:2] | 在馆 | |
| 21 | 0466012 | 204660125 | 密集书库/ [索取号:H355.9/100:2] | 在馆 | |
| 22 | 0466013 | 204660134 | 密集书库/ [索取号:H355.9/100:2] | 在馆 |